000 00394 a2200169 4500
001 190235
020 _a978-858535785-6
040 _cMagnum
100 _aRylant, Cynthia
240 1 0 _aA velhinha que dava nome às coisas
_lpor
245 1 0 _aA velhinha que dava nome às coisas
300 _a
362 0 _a1997
440 1 _aBrinque-Book
697 _aLITERATURA INFANTO
942 _cBK
999 _c190235
_d190235